00357pab a2200133 454500008004000000100002600040245005500066260000900121300001600130362001100146650002000157650001200177773003400189180718b2007 xxu||||| |||| 00| 0 eng d aTiwari, Badri Narayan aReactivating the past: dalits and memories of 1857 c2007 ap.1734-738. a12 May aIndia - History aHistory aEconomic and Political Weekly